Library Banner

Slim to none : (Record no. 109166)

MARC details
000 -LEADER
fixed length control field 00717cam a22002054a 4500
001 - CONTROL NUMBER
control field 12946218
005 - DATE AND TIME OF LATEST TRANSACTION
control field 20181129110014.0
008 - FIXED-LENGTH DATA ELEMENTS--GENERAL INFORMATION
fixed length control field 020926s2003 ilu 000 0aeng
020 ## - INTERNATIONAL STANDARD BOOK NUMBER
International Standard Book Number 0071410694 (alk. paper)
040 ## - CATALOGING SOURCE
Transcribing agency PK-LaUMT
082 00 - DEWEY DECIMAL CLASSIFICATION NUMBER
Classification number 616.852620092
Edition number 21
Item number HEN-S
100 1# - MAIN ENTRY--PERSONAL NAME
Personal name Hendricks, Jennifer
245 10 - TITLE STATEMENT
Title Slim to none :
Remainder of title a journey through the wasteland of anorexia treatment /
Statement of responsibility, etc Jennifer Hendricks ; [edited and narrated by Gordon Hendricks].
260 ## - PUBLICATION, DISTRIBUTION, ETC. (IMPRINT)
Place of publication, distribution, etc Chicago :
Name of publisher, distributor, etc Contemporary Books,
Date of publication, distribution, etc 2003
300 ## - PHYSICAL DESCRIPTION
Extent xxiv, 312 p. ;
Dimensions 22 cm.
650 #0 - SUBJECT ADDED ENTRY--TOPICAL TERM
Topical term or geographic name as entry element Anorexia nervosa
General subdivision Patients
Geographic subdivision United States
650 #0 - SUBJECT ADDED ENTRY--TOPICAL TERM
Topical term or geographic name as entry element Anorexia nervosa
General subdivision Patients
Geographic subdivision United States
700 1# - ADDED ENTRY--PERSONAL NAME
Personal name Hendricks, Gordon,
942 ## - ADDED ENTRY ELEMENTS (KOHA)
Koha item type Books
Holdings
Withdrawn status Lost status Damaged status Home library Current library Date acquired Full call number Barcode Date last seen Price effective from Koha item type
      UMT Main Campus UMT Main Campus 2018-11-29 616.852620092 HEN-S 125433 2018-11-29 2018-11-29 Books